000 00284nam a2200109Ia 4500
008 230907s9999||||xx |||||||||||||| ||und||
082 _a693/.5
_bGRE
245 0 _aGreen building with concrete :
260 _aCRC Press,
_bBoca Raton, FL :
_c2011
300 _axv, 320 p. :
942 _cBK
999 _c596400
_d596400